Statistics for Justin Trudeau Quiz

Click here to take the quiz!

General Stats

  • This quiz has been taken 35 times
  • The average score is 12 of 20

Answer Stats

Hint Answer % Correct
His nationalityCanadian
90%
Native speaker of this languageFrench
85%
Speaks fluently this languageEnglish
80%
Critized this U.S. president for banning MuslimsDonald Trump
80%
How many children?3
80%
Year he became PM2015
75%
His father (former Prime Minister)Pierre Trudeau
75%
Where they live, also his birthplaceOttawa
75%
How old is he?45
75%
Active for this partyLiberal Party
65%
His precedessorStephen Harper
60%
On which date was he born?December 25, 1971
55%
US President's daughter glanced at him during a meetingIvanka
55%
His wifeSophie Grégoire
50%
He is a feminist and he really wants to reach thisGender equality
45%
He studied hereMcGill University
45%
Full nameJustin Pierre James Trudeau
35%
Canadian indigenous people, supported by TrudeauFirst Nations
30%
Sworn in byDavid Johnston (Governor General)
25%
International reaction when he became PM (nickname)Trudeaumania
5%

Score Distribution

Percentile by Number Answered

Percent of People with Each Score

Your Score History

You have not taken this quiz